000 00260nam a22001217a 4500
008 170421b xxu||||| |||| 00| 0 eng d
041 _aeng
080 _a573
100 _a11
101 _aSHM
245 _aBIOLOGICAL SCIENCE
_cANDREWS.W.A
942 _2udc
_cBK
999 _c11417
_d11417